Countries Closest to Vietnam - 15 Second Sprint - Statistics

General Stats
  • This quiz has been taken 188 times
  • The average score is 8 of 20
Answer Stats
km country miles % Correct
0 China 0
92%
0 Laos 0
85%
0 Cambodia 0
82%
104 Thailand 65
68%
126 Myanmar 78
52%
725 India 451
47%
600 Indonesia 373
47%
1558 Japan 968
41%
390 Malaysia 242
41%
1088 Taiwan 676
41%
945 Philippines 587
26%
805 Singapore 500
25%
2221 South Korea 1380
25%
1131 Bhutan 703
24%
956 Brunei 594
24%
1492 Nepal 927
21%
985 Bangladesh 612
20%
2439 Sri Lanka 1515
17%
2405 North Korea 1495
15%
2026 Mongolia 1259
12%
No matching quizzes found
Score Distribution
Percent of People with Each Score
Percentile by Number Answered
Your Score History
You have not taken this quiz